000 00445nam a2200181Ia 4500
003 OSt
005 20240715163221.0
008 210210b1950 xxu||||| |||| 00| 0 eng d
040 _cAL
041 _akan
082 _a859/492
100 _aCHADURANGA ಚದುರಂಗ
_9149217
245 _aShavada mane:
_bಶವದ ಮನೆ
260 _aBengaluru
_b-
_c1950
690 _aKannada Fiction
_9149218
906 _a021353
942 _2ddc
_cBK
999 _c145435
_d145435